Az adatvizualizáció szerepe és hatékonysága a vállalati döntéshozatali folyamatokban

Bibliographic Details
Main Author: Onodi Tamás
Other Authors: Budai Dr. László
Vágó Dániel
Format: Thesis
Kulcsszavak:adatelemzés - adatbányászat
adatfeldolgozás
Adatvizualizáció
döntéselőkészítés
üzleti intelligencia
Online Access:http://dolgozattar.uni-bge.hu/58866

MARC

LEADER 00000nta a2200000 i 4500
001 dolg58866
005 20251027142540.0
008 251027suuuu hu om 000 hun d
040 |a BGE Dolgozattár Repozitórium  |b hun 
041 |a hu 
100 1 |a Onodi Tamás 
245 1 3 |a Az adatvizualizáció szerepe és hatékonysága a vállalati döntéshozatali folyamatokban  |c Onodi Tamás  |h [elektronikus dokumentum] 
520 3 |a A dolgozat célja az adatvizualizáció szerepének és hatékonyságának vizsgálata a vállalati döntéshozatali folyamatokban. A modern üzleti környezetben az adatvezérelt megközelítés alapkövetelménnyé vált, amelyben az adatok gyors és érthető értelmezése kritikus versenyelőnnyé válhat. A dolgozat bemutatja az adatvizualizáció történeti fejlődését, pszichológiai alapjait, valamint azt, hogy az emberi agy hogyan dolgozza fel a vizuális információkat.Részletes elemzésre kerülnek az adatvizualizációs eszközök, különös tekintettel a táblázatkezelőkre (Excel), a modern üzleti intelligencia rendszerekre (Power BI, Tableau), valamint egyéb speciális platformokra (pl. SAP Analytics Cloud, Qlik Sense). A dolgozat kitér az egyes eszközök összehasonlítására, kiválasztási szempontjaira, és bemutatja a helyes vizualizációs technikák (pl. diagramtípusok, szín- és formaválasztás) alkalmazásának best practice-eit.A gyakorlati rész esettanulmányokkal és interjúkkal szemlélteti, hogy az adatvizualizáció hogyan segítheti a KPI-ok mérését, a prediktív elemzéseket, illetve a stratégiai döntések megalapozását. A kutatás során feltárt hipotézisek megerősítik, hogy a logikus, hierarchikus felépítésű dashboardok gyorsabb és pontosabb döntéshozatalt eredményeznek, valamint az interaktív vizualizációk növelik a felhasználói megértést és a döntési bizalmat. A dolgozat összegzése rávilágít arra, hogy a hatékony adatvizualizáció nem csupán információátadásról szól, hanem az üzleti értékteremtés és a fenntartható növekedés egyik kulcstényezőjévé vált. 
695 |a adatelemzés - adatbányászat 
695 |a adatfeldolgozás 
695 |a Adatvizualizáció 
695 |a döntéselőkészítés 
695 |a üzleti intelligencia 
700 1 |a Budai Dr. László  |e ths 
700 1 |a Vágó Dániel  |e ths 
856 4 0 |u http://dolgozattar.uni-bge.hu/58866/1/Onodi%20Tam%C3%A1s_VV95OF.pdf  |z Dokumentum-elérés 
856 4 0 |u http://dolgozattar.uni-bge.hu/58866/2/Onodi%20Tam%C3%A1s.pdf  |z Dokumentum-elérés 
856 4 0 |u http://dolgozattar.uni-bge.hu/58866/3/Szakdolgozat%20k%C3%BCls%C5%91%20b%C3%ADr%C3%A1lat_Onodi%20Tam%C3%A1s.pdf  |z Dokumentum-elérés